List of High Income Countries - Statistics

General Stats
  • This quiz has been taken 285 times
    92 since last reset
  • The average score is 45 of 59
Answer Stats
GNI per capita (US$) Country % Correct
80,300 United States
99%
53,930 Canada
97%
47,800 United Kingdom
97%
102,460 Norway
95%
32,180 Spain
95%
53,970 Germany
93%
38,200 Italy
93%
63,140 Australia
92%
55,070 Australia
92%
45,070 France
92%
60,670 Netherlands
92%
48,610 New Zealand
92%
61,650 Sweden
92%
54,530 Belgium
90%
73,360 Denmark
90%
53,390 Finland
90%
39,030 Japan
90%
35,490 South Korea
90%
88,370 Luxembourg
89%
26,270 Portugal
89%
95,160 Switzerland
89%
22,580 Greece
88%
19,730 Poland
86%
14,250 Russia
86%
70,590 Singapore
86%
53,290 United Arab Emirates
85%
79,840 Iceland
84%
80,390 Ireland
84%
22,790 Slovakia
82%
70,070 Qatar
81%
16,670 Romania
79%
28,690 Saudi Arabia
79%
30,620 Slovenia
79%
20,670 Croatia
78%
27,110 Czech Republic
78%
21,970 Latvia
78%
28,280 Bahrain
77%
27,240 Estonia
77%
19,820 Hungary
77%
55,020 Israel
77%
24,820 Lithuania
77%
46,140 Kuwait
73%
21,540 Oman
73%
15,820 Chile
70%
14,460 Bulgaria
68%
34,240 Malta
67%
31,990 Bahamas
63%
34,970 Brunei
59%
18,010 Panama
59%
19,530 Uruguay
59%
30,990 Cyprus
56%
21,280 Barbados
45%
21,380 Saint Kitts and Nevis
45%
20,360 Guyana
42%
17,940 Trinidad and Tobago
42%
16,940 Seychelles
41%
19,990 Antigua and Barbuda
40%
14,250 Palau
33%
22,090 Nauru
30%
No matching quizzes found
Score Distribution
Percent of People with Each Score
Percentile by Number Answered
Your Score History
You have not taken this quiz since the last reset